|
|
|
|
| LEADER |
00899nam a2200229 a 4500 |
| 001 |
277542 |
| 008 |
090702s1960 nyu 000 0 eng d |
| 010 |
|
|
|a 60007058
|
| 040 |
|
|
|a DLC
|c DLC
|d DLC
|
| 082 |
0 |
0 |
|a 821.709
|2 16
|
| 245 |
1 |
0 |
|a English romantic poets;
|b modern essays in criticism.
|
| 260 |
|
|
|a New York,
|b Oxford University Press,
|c 1960.
|
| 300 |
|
|
|a viii, 384 p.
|c 21 cm.
|
| 490 |
0 |
|
|a A Galaxy book, GB35
|
| 541 |
1 |
|
|e 00009297
|
| 650 |
|
0 |
|a English poetry
|y 19th century
|x History and criticism.
|
| 650 |
|
0 |
|a Romanticism
|z Great Britain.
|
| 700 |
1 |
|
|a Abrams, M. H.
|q (Meyer Howard),
|d 1912-
|e ed.
|
| 852 |
4 |
|
|a Ayesha Abed Library
|j General shelf
|
| 942 |
0 |
0 |
|0 2
|
| 999 |
|
|
|c 1965
|d 1965
|
| 952 |
|
|
|0 0
|1 0
|2 ddc
|4 1
|6 821_709000000000000_ENG
|7 0
|9 1804
|a BRACUL
|b BRACUL
|c SPS
|d 2009-07-02
|g 0.00
|l 6
|m 5
|o 821.709 ENG
|p 3010009297
|r 2016-03-13
|s 2016-03-09
|t 1
|w 2009-07-02
|y BK
|x No price found in the accession register.
|